000 00437nam a22001937a 4500
999 _c10540
_d10540
003 OSt
008 210303b ||||| |||| 00| 0 eng d
020 _a9780230772588
082 _a658 MAT
100 _aMAZZEO, Michael
245 _aThe Roadside MBA
250 _a1st
260 _aNew Delhi
_bMcMillan
_c2014
300 _a279
650 _aGeneralBooks
700 _aOYER, Paul
700 _aSCHAEFER, Scott
942 _2ddc
_cBK